[Event "Berlin Lichtenberger op 18th"]
[Site "Berlin"]
[Date "2019.08.25"]
[Round "9"]
[White "Schoenberger, Kay"]
[Black "Matitschka, Johannes"]
[Result "1/2-1/2"]
[WhiteElo "1901"]
[BlackElo "1815"]
[PlyCount "115"]
[EventDate "2019.08.17"]
[EventType "swiss"]
[EventRounds "9"]
[EventCountry "GER"]
[SourceTitle "EXT 2020"]
[Source "ChessBase"]
[SourceDate "2019.10.17"]
[SourceVersion "1"]
[SourceVersionDate "2019.10.17"]
[SourceQuality "1"]

1. d4 Nf6 2. c4 c5 3. d5 e6 4. Nc3 exd5 5. cxd5 d6 6. Nf3 a6 7. a4 Bg4 8. Nd2 g5 9. Nc4 h6 10. f3 Bh5 11. e4 Bg7 12. Qb3 Ra7 13. Be2 0-0 14. 0-0 Qc7 15. Be3 Bg6 16. a5 Nbd7 17. Na4 Raa8 18. Rac1 Rae8 19. Nab6 Kh8 20. Rfd1 Nh5 21. Nxd7 Qxd7 22. Nxd6 Qxd6 23. Bxc5 Qf4 24. Bxf8 Bxf8 25. g3 Nxg3 26. hxg3 Qxg3+ 27. Kf1 Bd6 28. Qa4 f5 29. Qd4+ Be5 30. Qg1 Qf4 31. exf5 Bxf5 32. Rc4 Bh3+ 33. Ke1 Qxc4 34. Bxc4 Bd4+ 35. Kd2 Bxg1 36. Rxg1 Rd8 37. Rh1 Bg2 38. Rxh6+ Kg7 39. Rb6 Bxf3 40. Ke3 Bxd5 41. Bxd5 Rxd5 42. Rxb7+ Kf8 43. b4 Rd6 44. Ke4 g4 45. Kf4 Rd4+ 46. Kg3 Ke8 47. b5 Kd8 48. bxa6 Kc8 49. Rb5 Rd7 50. Kxg4 Ra7 51. Rb6 Kc7 52. Kf5 Ra8 53. Ke6 Rb8 54. Rd6 Rb5 55. Rd7+ Kb8 56. a7+ Ka8 57. Kd6 Rd5+ 58. Kxd5 1/2-1/2

[Event "Berlin Lichtenberger op 18th"]
[Site "Berlin"]
[Date "2019.08.19"]
[Round "3"]
[White "Schoenberger, Kay"]
[Black "Schilly, Hans Joachim"]
[Result "0-1"]
[WhiteElo "1901"]
[BlackElo "1739"]
[PlyCount "66"]
[EventDate "2019.08.17"]
[EventType "swiss"]
[EventRounds "9"]
[EventCountry "GER"]
[SourceTitle "EXT 2020"]
[Source "ChessBase"]
[SourceDate "2019.10.17"]
[SourceVersion "1"]
[SourceVersionDate "2019.10.17"]
[SourceQuality "1"]

1. d4 d5 2. c4 c6 3. Nf3 Nf6 4. Nc3 e6 5. e3 Bd6 6. b3 0-0 7. Be2 Nbd7 8. Qc2 e5 9. cxd5 Nxd5 10. Nxd5 cxd5 11. dxe5 Nxe5 12. 0-0 Qf6 13. Bb2 Bf5 14. Qd2 Rfd8 15. Rac1 Be4 16. Nxe5 Bxe5 17. Bxe5 Qxe5 18. Rfd1 Qg5 19. f3 Bf5 20. Rc5 Be6 21. Rc7 b6 22. f4 Qf6 23. Bf3 h6 24. Qd4 Qg6 25. Qe5 Rac8 26. Rxa7 Rc2 27. Be4 dxe4 28. Rxd8+ Kh7 29. g3 Qg4 30. Rc7 Rxa2 31. Qd4 Qf3 32. Qd2 Rxd2 33. Rxd2 Qxe3+ 0-1

[Event "SVR-ch MAT"]
[Site "Lahnstein"]
[Date "2019.04.20"]
[Round "7"]
[White "Plum, Paul"]
[Black "Schoenberger, Kay"]
[Result "1/2-1/2"]
[WhiteElo "1706"]
[BlackElo "1879"]
[PlyCount "54"]
[EventDate "2019.04.13"]
[EventType "tourn"]
[EventRounds "7"]
[EventCountry "GER"]
[SourceTitle "EXT 2021"]
[Source "ChessBase"]
[SourceDate "2020.10.23"]
[SourceVersion "1"]
[SourceVersionDate "2020.10.23"]
[SourceQuality "1"]

1. d4 Nf6 2. c4 g6 3. Nf3 Bg7 4. Nc3 0-0 5. e4 d6 6. Be2 e5 7. dxe5 dxe5 8. Qxd8 Rxd8 9. Bg5 Re8 10. Bxf6 Bxf6 11. Nd5 Bd8 12. 0-0-0 c6 13. Ne3 Bc7 14. h4 h5 15. Rhg1 Bb6 16. Nh2 Bxe3+ 17. fxe3 Na6 18. g4 hxg4 19. Nxg4 Bxg4 20. Bxg4 Rad8 21. Rdf1 Rd6 22. h5 Kg7 23. h6+ Kf8 24. Rh1 Ke7 25. Rf2 Nc5 26. Kc2 Nxe4 27. Rg2 Rh8 1/2-1/2

[Event "SVR-ch MAT"]
[Site "Lahnstein"]
[Date "2019.04.14"]
[Round "3"]
[White "Schoenberger, Kay"]
[Black "Zirwes, Hans Juergen"]
[Result "0-1"]
[WhiteElo "1879"]
[BlackElo "1820"]
[PlyCount "84"]
[EventDate "2019.04.13"]
[EventType "tourn"]
[EventRounds "7"]
[EventCountry "GER"]
[SourceTitle "EXT 2021"]
[Source "ChessBase"]
[SourceDate "2020.10.23"]
[SourceVersion "1"]
[SourceVersionDate "2020.10.23"]
[SourceQuality "1"]

1. d4 d5 2. c4 e6 3. Nc3 Nf6 4. cxd5 exd5 5. Bg5 c6 6. e3 Bf5 7. Qf3 Bg6 8. Bxf6 gxf6 9. Nge2 Nd7 10. Ng3 Bb4 11. Nf5 Bxf5 12. Qxf5 Qe7 13. Be2 0-0-0 14. 0-0 Kb8 15. a3 Bd6 16. b4 Nb6 17. h3 h6 18. Kh1 Bc7 19. b5 c5 20. dxc5 Qxc5 21. Qxf6 Rhe8 22. Qd4 Qd6 23. g3 Qe6 24. Bg4 Qe7 25. Qb4 Bd6 26. Qb3 Be5 27. Rad1 d4 28. exd4 Rxd4 29. Rfe1 Rxd1 30. Nxd1 Qf8 31. f4 Bd6 32. Rxe8+ Qxe8 33. Nf2 Qe1+ 34. Kg2 Bc5 35. Qb2 Nc4 36. Qh8+ Kc7 37. Qc8+ Kb6 38. Qd8+ Kxb5 39. Bd7+ Ka6 40. Qf6+ Ka5 41. Ng4 Qe2+ 42. Kh1 Qf1+ 0-1

[Event "GER T277-D32-S email"]
[Site "GER email"]
[Date "2018.11.04"]
[Round "?"]
[White "Schoenberger, Kay"]
[Black "Mehlhorn, Uwe"]
[Result "1/2-1/2"]
[WhiteElo "2066"]
[BlackElo "2151"]
[PlyCount "90"]
[EventDate "2018.11.12"]
[EventType "tourn (corr)"]
[EventRounds "8"]
[EventCountry "GER"]
[SourceTitle "Corr 2022"]
[Source "ChessBase"]
[SourceDate "2021.10.24"]
[SourceVersion "1"]
[SourceVersionDate "2021.10.24"]
[SourceQuality "1"]

1. d4 d5 2. c4 e6 3. Nc3 c5 4. cxd5 cxd4 5. Qxd4 Nc6 6. Qd1 exd5 7. Qxd5 Bd7 8. Nf3 Nf6 9. Qb3 Be6 10. Qa4 a6 11. e3 b5 12. Qc2 Rc8 13. a3 Bd6 14. Ng5 Bd7 15. Be2 0-0 16. 0-0 Na5 17. h3 Bb8 18. Bd3 h6 19. Nf3 Re8 20. e4 Nc4 21. Re1 Be6 22. Be2 Qe7 23. Bxc4 Rxc4 24. e5 Nd7 25. b3 Rcc8 26. Bb2 Ba7 27. Rad1 b4 28. axb4 Qxb4 29. Re4 Qb8 30. b4 a5 31. Qa4 Nc5 32. bxc5 Qxb2 33. Qxa5 Bxc5 34. Re2 Qb3 35. Rb1 Qc4 36. Re4 Bxf2+ 37. Kxf2 Qxc3 38. Qxc3 Rxc3 39. Rd1 Rc5 40. Red4 Rc2+ 41. R1d2 Rcc8 42. g4 Rc5 43. Kg3 Kf8 44. Kf4 g6 45. h4 Ke7 1/2-1/2

[Event "GER T285-B01-S email"]
[Site "GER email"]
[Date "2018.11.04"]
[Round "?"]
[White "Schoenberger, Kay"]
[Black "Schelberg, Martin"]
[Result "1-0"]
[WhiteElo "2043"]
[BlackElo "1570"]
[PlyCount "61"]
[EventDate "2018.11.10"]
[EventType "tourn (corr)"]
[EventRounds "8"]
[EventCountry "GER"]
[SourceTitle "Corr 2022"]
[Source "ChessBase"]
[SourceDate "2021.10.24"]
[SourceVersion "1"]
[SourceVersionDate "2021.10.24"]
[SourceQuality "1"]

1. e4 d5 2. exd5 Qxd5 3. Nc3 Qd6 4. d4 Nf6 5. Nf3 a6 6. g3 c5 7. d5 e5 8. Bg2 Bg4 9. h3 Bxf3 10. Qxf3 Nbd7 11. Be3 b5 12. 0-0-0 Be7 13. g4 h6 14. h4 b4 15. Na4 h5 16. g5 Ng4 17. Bh3 Nxe3 18. fxe3 c4 19. Rhf1 f6 20. Qe4 0-0-0 21. gxf6 Bxf6 22. Qxc4+ Kb8 23. Qc6 Nf8 24. Nc5 Qxc6 25. dxc6 Rxd1+ 26. Rxd1 Kc7 27. Nxa6+ Kxc6 28. Bg2+ Kb6 29. Rd6+ Ka7 30. Nxb4 Bxh4 31. Ra6+ 1-0

[Event "GER T277-D32-S email"]
[Site "GER email"]
[Date "2018.11.04"]
[Round "?"]
[White "Zielinski, Sergej"]
[Black "Schoenberger, Kay"]
[Result "1-0"]
[WhiteElo "2003"]
[BlackElo "2066"]
[PlyCount "109"]
[EventDate "2018.11.12"]
[EventType "tourn (corr)"]
[EventRounds "8"]
[EventCountry "GER"]
[SourceTitle "Corr 2022"]
[Source "ChessBase"]
[SourceDate "2021.10.24"]
[SourceVersion "1"]
[SourceVersionDate "2021.10.24"]
[SourceQuality "1"]

1. d4 d5 2. c4 e6 3. Nc3 c5 4. cxd5 cxd4 5. Qa4+ Bd7 6. Qxd4 exd5 7. Qxd5 Nc6 8. Nf3 Nf6 9. Qb3 Be6 10. Qc2 Nb4 11. Qb1 Bc5 12. e3 0-0 13. Be2 Nbd5 14. 0-0 Qe7 15. Bd2 Rfd8 16. a3 h6 17. h3 Rac8 18. Rc1 Bb6 19. Na4 Rxc1+ 20. Qxc1 Bc7 21. Nc3 a6 22. Nxd5 Bxd5 23. Bb4 Qd7 24. Qe1 Ne4 25. Rc1 g6 26. Nd2 Ng5 27. Bg4 f5 28. Be2 a5 29. Bc3 Qe7 30. h4 Ne6 31. Nf3 b6 32. b4 axb4 33. axb4 Bd6 34. Ra1 Qc7 35. Ra3 Qe7 36. Qa1 Rc8 37. h5 gxh5 38. Bf6 Qf8 39. Nh4 Bxb4 40. Rd3 Be4 41. Rd7 Qe8 42. Qa7 Ra8 43. Rg7+ Kf8 44. Qxb6 Nxg7 45. Bc4 Ne6 46. Bxe6 Qb8 47. Ng6+ Ke8 48. Bf7+ Kxf7 49. Ne5+ Qxe5 50. Bxe5 Be7 51. Qb3+ Ke8 52. f3 Bxf3 53. gxf3 Rc8 54. Qg8+ Kd7 55. Qf7 1-0

[Event "Berlin Lichtenberger op 17th"]
[Site "Berlin"]
[Date "2018.08.23"]
[Round "6"]
[White "Schoenberger, Kay"]
[Black "Kapr, Klaus"]
[Result "0-1"]
[WhiteElo "1889"]
[BlackElo "1999"]
[PlyCount "50"]
[EventDate "2018.08.18"]
[EventType "swiss"]
[EventRounds "9"]
[EventCountry "GER"]
[SourceTitle "CBM 186 Extra"]
[Source "ChessBase"]
[SourceDate "2018.08.24"]
[SourceVersion "1"]
[SourceVersionDate "2018.08.24"]
[SourceQuality "1"]

1. d4 d5 2. c4 e5 3. dxe5 d4 4. Nf3 Nc6 5. h3 Be6 6. Nbd2 Nge7 7. Nb3 Ng6 8. Nbxd4 Nxd4 9. Qxd4 Qxd4 10. Nxd4 Bxc4 11. Nf3 Bb4+ 12. Bd2 Bxd2+ 13. Kxd2 0-0-0+ 14. Kc2 Rhe8 15. e3 Bd5 16. Be2 Nxe5 17. Nxe5 Rxe5 18. Bg4+ f5 19. Bf3 Bxf3 20. gxf3 Rc5+ 21. Kb3 Rd3+ 22. Kb4 Rc2 23. e4 a5+ 24. Kxa5 Rxb2 25. a4 Rd6 0-1

[Event "Berlin Lichtenberger op 17th"]
[Site "Berlin"]
[Date "2018.08.20"]
[Round "3"]
[White "Simon, Ralf Axel"]
[Black "Schoenberger, Kay"]
[Result "1/2-1/2"]
[WhiteElo "2149"]
[BlackElo "1889"]
[PlyCount "82"]
[EventDate "2018.08.18"]
[EventType "swiss"]
[EventRounds "9"]
[EventCountry "GER"]
[SourceTitle "CBM 186 Extra"]
[Source "ChessBase"]
[SourceDate "2018.08.24"]
[SourceVersion "1"]
[SourceVersionDate "2018.08.24"]
[SourceQuality "1"]

1. Nf3 Nf6 2. c4 g6 3. Nc3 Bg7 4. e4 d6 5. d4 0-0 6. Be2 e5 7. 0-0 Na6 8. Be3 Ng4 9. Bg5 Qe8 10. Nd5 f6 11. Bc1 c6 12. Nc3 f5 13. d5 c5 14. Ne1 Nf6 15. f3 f4 16. Nd3 g5 17. Nf2 h5 18. a3 Rf7 19. Bd2 Bf8 20. h3 Rg7 21. Rb1 Qg6 22. b4 cxb4 23. axb4 g4 24. fxg4 hxg4 25. hxg4 Nxg4 26. Bxg4 Bxg4 27. Qxg4 Qxg4 28. Nxg4 Rxg4 29. Nb5 Be7 30. Rf3 Kg7 31. Be1 Rg6 32. Bf2 Rc8 33. Rc3 Rf8 34. c5 dxc5 35. bxc5 f3 36. g3 Nxc5 37. Bxc5 Rxg3+ 38. Kf1 Bxc5 39. Rxc5 f2 40. Ke2 Rff3 41. Nd6 Re3+ 1/2-1/2

[Event "GER MS-282 email"]
[Site "GER email"]
[Date "2018.05.24"]
[Round "?"]
[White "Lemke, Burghard"]
[Black "Schoenberger, Kay"]
[Result "1/2-1/2"]
[WhiteElo "1955"]
[BlackElo "2033"]
[PlyCount "95"]
[EventDate "2018.06.12"]
[EventType "tourn (corr)"]
[EventRounds "6"]
[EventCountry "GER"]
[SourceTitle "Corr 2020"]
[Source "ChessBase"]
[SourceDate "2019.09.30"]
[SourceVersion "1"]
[SourceVersionDate "2019.09.30"]
[SourceQuality "1"]

1. e4 e5 2. Nf3 d6 3. d4 exd4 4. Nxd4 Nf6 5. Nc3 Be7 6. g3 Nc6 7. Nxc6 bxc6 8. Bg2 0-0 9. 0-0 Bg4 10. Qd3 a5 11. b3 Qb8 12. Qc4 Bd7 13. Bb2 Re8 14. Rfe1 Qb4 15. Qd3 Ng4 16. Na4 Bf6 17. c3 Qb8 18. Qd2 Rd8 19. h3 Ne5 20. f4 Ng6 21. c4 Bxb2 22. Nxb2 Qc8 23. Kh2 c5 24. e5 Ra6 25. Rad1 h6 26. Nd3 a4 27. exd6 cxd6 28. b4 cxb4 29. Nxb4 Rb6 30. Nd5 Rb8 31. g4 Be6 32. f5 Bxd5 33. Bxd5 Ne5 34. f6 Re8 35. fxg7 Kxg7 36. Rf1 f6 37. Rf2 a3 38. Qf4 Rf8 39. Re1 Rb2 40. Rxb2 axb2 41. Rb1 Qc7 42. Qd4 Rb8 43. Rxb2 Qc5 44. Qc3 Rxb2+ 45. Qxb2 Qe3 46. a4 Nf3+ 47. Bxf3 Qxf3 48. Qc2 1/2-1/2

[Event "GER T248-E00-S email"]
[Site "GER email"]
[Date "2016.11.24"]
[Round "?"]
[White "Richter, Wolfgang"]
[Black "Schoenberger, Kay"]
[Result "1/2-1/2"]
[WhiteElo "2057"]
[BlackElo "2045"]
[PlyCount "79"]
[EventDate "2016.11.28"]
[EventType "tourn (corr)"]
[EventRounds "8"]
[EventCountry "GER"]
[SourceTitle "Corr 2020"]
[Source "ChessBase"]
[SourceDate "2019.09.30"]
[SourceVersion "1"]
[SourceVersionDate "2019.09.30"]
[SourceQuality "1"]

1. d4 Nf6 2. c4 e6 3. g3 d5 4. Nf3 Be7 5. Bg2 0-0 6. 0-0 Nbd7 7. Qc2 c6 8. Rd1 b5 9. c5 Ne4 10. Nbd2 f5 11. Nxe4 fxe4 12. Ne1 e5 13. Be3 exd4 14. Bxd4 Bf6 15. Qd2 Qe7 16. Nc2 Bb7 17. b4 a5 18. a3 Bxd4 19. Nxd4 Ne5 20. Qc3 Nc4 21. f3 e3 22. Bh3 Qf6 23. Bf5 a4 24. Qc2 g6 25. Bh3 Bc8 26. Bxc8 Raxc8 27. Kg2 Rc7 28. Qc3 g5 29. h3 h5 30. g4 Rh7 31. Rac1 Qg6 32. Qd3 Qe8 33. Nf5 hxg4 34. hxg4 Nb2 35. Qd4 Nxd1 36. Rxd1 Qg6 37. Rh1 Re8 38. Rxh7 Kxh7 39. Qc3 Kg8 40. Kg1 1/2-1/2

[Event "GER HS-214 email"]
[Site "GER email"]
[Date "2016.10.29"]
[Round "?"]
[White "Schoenberger, Kay"]
[Black "Preusse, Goetz"]
[Result "1-0"]
[WhiteElo "2045"]
[BlackElo "1823"]
[PlyCount "75"]
[EventDate "2016.11.04"]
[EventType "tourn (corr)"]
[EventRounds "6"]
[EventCountry "GER"]
[SourceTitle "Corr 2020"]
[Source "ChessBase"]
[SourceDate "2019.09.30"]
[SourceVersion "1"]
[SourceVersionDate "2019.09.30"]
[SourceQuality "1"]

1. d4 d5 2. c4 e6 3. Nc3 Nf6 4. cxd5 exd5 5. Bg5 Be7 6. e3 0-0 7. Bd3 h6 8. Bh4 c6 9. Nge2 Na6 10. Bxa6 bxa6 11. 0-0 Bf5 12. Rc1 Rc8 13. Na4 Re8 14. Nc5 Qa5 15. Ng3 Bh7 16. Nh5 Nxh5 17. Bxe7 Rxe7 18. Qxh5 Qxa2 19. b3 a5 20. Ra1 Qc2 21. Rxa5 Qd2 22. Ra4 Bd3 23. Rfa1 Ra8 24. h3 Bb5 25. Qh4 Rae8 26. Rxa7 Rxa7 27. Rxa7 Qe1+ 28. Kh2 Rxe3 29. Qf4 Re7 30. Nd7 Bd3 31. Qc7 Bg6 32. Ra8+ Re8 33. Qxc6 f6 34. b4 Qxf2 35. b5 Qf4+ 36. Kg1 Qe3+ 37. Kh1 Qe1+ 38. Kh2 1-0

[Event "GER HS-213 email"]
[Site "GER email"]
[Date "2016.10.17"]
[Round "?"]
[White "Schoenberger, Kay"]
[Black "Krumm, Guenther"]
[Result "1-0"]
[WhiteElo "2045"]
[BlackElo "1943"]
[PlyCount "37"]
[EventDate "2016.10.24"]
[EventType "tourn (corr)"]
[EventRounds "6"]
[EventCountry "GER"]
[SourceTitle "Corr 2020"]
[Source "ChessBase"]
[SourceDate "2019.09.30"]
[SourceVersion "1"]
[SourceVersionDate "2019.09.30"]
[SourceQuality "1"]

1. d4 Nf6 2. c4 e6 3. Nc3 Bb4 4. a3 Bxc3+ 5. bxc3 0-0 6. e3 b6 7. Bd3 Bb7 8. f3 d6 9. e4 c5 10. Bg5 h6 11. Bh4 Nc6 12. Ne2 Na5 13. f4 g5 14. fxg5 Nxe4 15. 0-0 hxg5 16. Ng3 d5 17. Qh5 f6 18. Qg6+ Kh8 19. Bxe4 1-0

[Event "GER HS-213 email"]
[Site "GER email"]
[Date "2016.10.17"]
[Round "?"]
[White "Schoenberger, Kay"]
[Black "Schatz, Dieter"]
[Result "1-0"]
[WhiteElo "2045"]
[BlackElo "1728"]
[PlyCount "57"]
[EventDate "2016.10.24"]
[EventType "tourn (corr)"]
[EventRounds "6"]
[EventCountry "GER"]
[SourceTitle "Corr 2020"]
[Source "ChessBase"]
[SourceDate "2019.09.30"]
[SourceVersion "1"]
[SourceVersionDate "2019.09.30"]
[SourceQuality "1"]

1. Nf3 e6 2. c4 d5 3. b3 a5 4. e3 Nf6 5. Bb2 Bd7 6. Nc3 Nc6 7. a3 Ne7 8. d4 c6 9. Bd3 Ng6 10. h4 Bd6 11. h5 Ne7 12. Ne5 h6 13. Qe2 0-0 14. c5 Bc7 15. g4 Be8 16. 0-0-0 Nd7 17. f4 f6 18. Nf3 e5 19. dxe5 fxe5 20. g5 hxg5 21. h6 g6 22. Nxg5 Rf6 23. Bc2 Qb8 24. Na4 Nf5 25. Qe1 exf4 26. Bxf5 gxf5 27. exf4 Bxf4+ 28. Kb1 Be5 29. Nb6 1-0

[Event "GER T232-C65-S email"]
[Site "GER email"]
[Date "2015.12.29"]
[Round "?"]
[White "Hemp, Stephen"]
[Black "Schoenberger, Kay"]
[Result "1/2-1/2"]
[WhiteElo "1958"]
[BlackElo "2027"]
[PlyCount "87"]
[EventDate "2016.01.04"]
[EventType "tourn (corr)"]
[EventRounds "8"]
[EventCountry "GER"]
[SourceTitle "Corr 2020"]
[Source "ChessBase"]
[SourceDate "2019.09.30"]
[SourceVersion "1"]
[SourceVersionDate "2019.09.30"]
[SourceQuality "1"]

1. e4 e5 2. Nf3 Nc6 3. Bb5 Nf6 4. Nc3 Bc5 5. 0-0 0-0 6. d3 Nd4 7. Nxe5 d6 8. Nf3 Bg4 9. Be3 Bxf3 10. gxf3 Nh5 11. Kh1 c6 12. Bc4 a5 13. Na4 Ba7 14. f4 Qh4 15. c3 Ne6 16. Nb6 Bxb6 17. Bxb6 Nhxf4 18. Qf3 a4 19. Rg1 c5 20. Rg4 Qf6 21. Rag1 g6 22. Bc7 Qe7 23. Bb6 Rfc8 24. d4 Nh5 25. e5 dxe5 26. Bxe6 Qxe6 27. Bxc5 Nf4 28. Ba3 Rd8 29. dxe5 Nd3 30. Bd6 Nxe5 31. Bxe5 Qxe5 32. Re4 Qc5 33. Rf4 Qc7 34. Rb4 b6 35. a3 Ra5 36. Rgg4 Rd2 37. Rgd4 Rxd4 38. Rxd4 Kg7 39. h4 Rb5 40. Qe2 Re5 41. Qf3 Rf5 42. Qe3 Qc6+ 43. Kg1 h5 44. Rb4 1/2-1/2